01681nam a2200421Ia 4500001001200000003000800012006001900020007001500039008004100054010001700095020001800112020001800130040002100148035002100169050002400190245008600214246003100300260004400331300002300375490006300398533015200461580005900613650004800672650003800720650003500758650002500793650004400818650003500862650002500897655002900922710001600951710004100967710005701008710001701065730003401082856012601116999001701242ebr10236056CaPaEBRm u cr cn|||||||||070906s2008 dcua s i100 0 fre d z 2007242239 z9780821374306 z9780821374313 aCaPaEBRcCaPaEBR a(OCoLC)56049998314aHC59.3b.L58 2008eb04aThe little data book on private sector development.n2008h[electronic resource].30aPrivate sector development aWashington, D.C. :bWorld Bank,cc2008. avi, 232 p. :bill.0 aThe little data book on private sector development ;v2008 aElectronic reproduction.bPalo Alto, Calif. :cebrary,d2009.nAvailable via World Wide Web.nAccess may be limited to ebrary affiliated libraries. aBased on information in: World development indicators. 0aEconomic historyy21st centuryvStatistics. 0aEconomic developmentvStatistics. 0aPrivate companiesvStatistics. 0aFinancevStatistics. 0aInfrastructure (Economics)vStatistics. 0aIndustrial policyvStatistics. 0aEconomic indicators. 7aElectronic books.2local2 aWorld Bank.2 aWorld Bank.bDevelopment Data Group.2 aWorld Bank Group.bSmall and Medium Enterprise Dept.2 aebrary, Inc.0 aWorld development indicators.40uhttp://site.ebrary.com/lib/rucke/Doc?id=10236056zAn electronic book accessible through the World Wide Web; click to view c36993d36993